000 00683nam a22002177a 4500
999 _c12793
_d12793
003 AR-CdUCM
008 190410b ||||| |||| 00| 0 spa d
040 _aMUNICIPALIDAD PROVINCIAL DEL CUSCO
_cBIBLIOTECA MUNICIPAL DEL CUSCO
082 _aEP / 372.869 /
_bAM53
100 _aAmes Márquez, María
_930860
245 _aCuentos y Poesias para niños /
260 _aLima :
_bSan Marcos,
_bCONCYTEC,
_c1989.
300 _a64 paginas ;
_bIlustraciones, Graficos, Dibujos,
_c20 cm.
500 _aCuentos y Poesias
650 _aCuentos
_9217
650 _aPoesias
_92556
650 _aLiteratura
_983
650 _aHistoria
_9136
942 _2ddc
_cLIBROS
945 _apjha
_d2019-04-10